000
00293nam a22001217a 4500
008
170715b xxu||||| |||| 00| 0 eng d
041
_a
eng
080
_a
2
100
_a
24
101
_a
ANT
245
_a
DEVELOPMENT OF RELIGION AND THOUGHT IN ANCIENT EGYPT
_c
BREASTED,J.H
942
_2
udc
_c
BK
999
_c
21202
_d
21202